000 00474nam a2200181Ia 4500
005 20240823041230.0
008 240823s9999||||xx |||||||||||||| ||und||
020 _a978-81-237-1949-8
041 _aENGLISH
082 _A006 Q3
100 _aTapan Bhattacharya
245 4 _aThe illusive world of virtual reality
260 _c2013
_bNational Book Trust
500 _aYES
650 _aThe Illusive world of virtual Reality
_bGeneral
942 _cBK
999 _c205011
_d205011